[Event "Hastings Masters 2016-17"]
[Site "Hastings ENG"]
[Date "2017.01.02"]
[Round "6.2"]
[White "Hansen, Mads"]
[Black "Sethuraman, S.P."]
[Result "0-1"]
[WhiteTitle "FM"]
[BlackTitle "GM"]
[WhiteElo "2452"]
[BlackElo "2647"]
[WhiteFideId "1401610"]
[BlackFideId "5021596"]
[EventDate "2016.12.28"]

1. e4 c5 2. Nf3 d6 3. d4 cxd4 4. Nxd4 Nf6 5. Nc3 a6 6. h3 e6 7. g4 Be7 8. g5
Nfd7 9. h4 b5 10. a3 Bb7 11. Be3 Nc6 12. Qd2 O-O 13. O-O-O Nc5 14. Nxc6 Bxc6 15.
f3 Qb8 16. h5 a5 17. Nb1 b4 18. g6 bxa3 19. Nxa3 Na4 20. Bd4 h6 21. Rg1 e5 22.
Bc3 d5 23. Nb1 d4 24. gxf7+ Kh8 25. Bxd4 exd4 26. b3 Bb4 27. Qxd4 Qf4+ 28. Rd2
Rxf7 29. bxa4 Rd7 30. Qf2 Bxd2+ 31. Nxd2 Bxa4 32. Bd3 Rc8 33. Qg2 Qe5 0-1

[Event "Hastings Masters 2016-17"]
[Site "Hastings ENG"]
[Date "2017.01.02"]
[Round "6.3"]
[White "Fier, Alexandr"]
[Black "Tan, Justin2"]
[Result "1-0"]
[WhiteTitle "GM"]
[BlackTitle "IM"]
[WhiteElo "2590"]
[BlackElo "2451"]
[WhiteFideId "2107139"]
[BlackFideId "3206882"]
[EventDate "2016.12.28"]

1. d4 Nf6 2. c4 e6 3. Nc3 Bb4 4. e3 O-O 5. Ne2 Re8 6. a3 Bf8 7. e4 d5 8. e5 Nfd7
9. cxd5 exd5 10. f4 Nb6 11. g3 Bf5 12. Bg2 Qd7 13. h3 h5 14. Bf3 Bxh3 15. Bxh5
c5 16. Ng1 Bf5 17. g4 Bh7 18. Nf3 g6 19. Ng5 f6 20. Nxh7 Qxh7 21. g5 fxe5 22.
dxc5 Bxc5 23. Nxd5 N8d7 24. f5 Qf7 25. Nxb6 Bxb6 26. Bxg6 Qc4 27. f6 Nc5 28.
Rh8+ Kxh8 29. Qh5+ Kg8 30. Qh7+ 1-0

[Event "Hastings Masters 2016-17"]
[Site "Hastings ENG"]
[Date "2017.01.02"]
[Round "6.4"]
[White "Cheng, Bobby"]
[Black "Gledura, Benjamin"]
[Result "1/2-1/2"]
[WhiteTitle "IM"]
[BlackTitle "GM"]
[WhiteElo "2446"]
[BlackElo "2584"]
[WhiteFideId "4300033"]
[BlackFideId "712779"]
[EventDate "2016.12.28"]

1. Nf3 c5 2. c4 Nc6 3. Nc3 g6 4. e3 Nf6 5. d4 cxd4 6. exd4 d5 7. cxd5 Nxd5 8.
Qb3 Nxc3 9. Bc4 Nd5 10. Bxd5 e6 11. Bxc6+ bxc6 12. O-O f6 13. Be3 Qd5 14. Nd2
Bd6 15. Qc2 O-O 16. Rfc1 Bd7 17. Ne4 Bc7 18. Nc5 Rac8 19. Qc4 Rfd8 20. Qxd5 cxd5
21. Nxd7 Rxd7 22. Bf4 e5 23. dxe5 Rdd8 1/2-1/2

[Event "Hastings Masters 2016-17"]
[Site "Hastings ENG"]
[Date "2017.01.02"]
[Round "6.5"]
[White "Batchelor, Peter J"]
[Black "Sengupta, Deep"]
[Result "0-1"]
[WhiteTitle "FM"]
[BlackTitle "GM"]
[WhiteElo "2365"]
[BlackElo "2575"]
[WhiteFideId "424854"]
[BlackFideId "5008352"]
[EventDate "2016.12.28"]

1. d4 d5 2. c4 c6 3. Nf3 Nf6 4. Nc3 e6 5. Bg5 dxc4 6. a4 b5 7. axb5 cxb5 8. Nxb5
Qb6 9. Na3 Bxa3 10. Qa4+ Nc6 11. Qxa3 Ne4 12. e3 f6 13. Bf4 Nb4 14. Rc1 Ba6 15.
Be2 O-O 16. h4 Nd3+ 17. Bxd3 cxd3 18. Ra1 Bb5 19. O-O Rfc8 20. Rfd1 Rc2 21. Rxd3
Bxd3 22. Qxd3 Qc6 23. Ra6 Rc1+ 24. Kh2 Nxf2 25. Rxc6 Nxd3 26. Rxe6 Nxf4 27. exf4
Rc2 28. b3 Rc3 29. d5 Rd3 30. d6 Rd8 31. Re7 a6 32. h5 R8xd6 33. Nh4 Rd7 34.
Re8+ Kf7 35. Ra8 R3d5 36. Rxa6 Rxh5 37. Kg3 Rb5 38. f5 Rxb3+ 39. Kh2 Rb4 40. Kh3
g5 41. fxg6+ hxg6 42. Nf3 g5 43. Kh2 Re7 44. Kg3 Re2 45. Ra7+ Kg6 46. Ra5 Rbb2
47. Kh3 Rxg2 48. Nh4+ gxh4 49. Rg5+ Rxg5 0-1

[Event "Hastings Masters 2016-17"]
[Site "Hastings ENG"]
[Date "2017.01.02"]
[Round "6.6"]
[White "Thybo, Jesper Sondergaard"]
[Black "Karthikeyan, Murali"]
[Result "0-1"]
[WhiteTitle "FM"]
[BlackTitle "GM"]
[WhiteElo "2352"]
[BlackElo "2530"]
[WhiteFideId "1438832"]
[BlackFideId "5074452"]
[EventDate "2016.12.28"]

1. Nf3 Nf6 2. c4 c6 3. d4 d5 4. e3 a6 5. Nc3 b5 6. b3 Bg4 7. a4 b4 8. Nb1 Nbd7
9. Bb2 e6 10. Nbd2 Be7 11. h3 Bh5 12. g4 Bg6 13. Nh4 Be4 14. Nxe4 Nxe4 15. Nf3
Bh4 16. Rh2 O-O 17. Bd3 f5 18. gxf5 exf5 19. Qe2 Bf6 20. cxd5 cxd5 21. Bxa6 f4
22. Bb5 fxe3 23. fxe3 Ndc5 24. Qd1 Bh4+ 25. Ke2 Rxf3 26. dxc5 Qg5 27. Qd4 Raf8
28. Rd1 Rf2+ 29. Rxf2 Rxf2+ 30. Kd3 Nxc5+ 0-1

[Event "Hastings Masters 2016-17"]
[Site "Hastings ENG"]
[Date "2017.01.02"]
[Round "6.7"]
[White "Bates, Richard A"]
[Black "Gormally, Daniel W"]
[Result "1/2-1/2"]
[WhiteTitle "IM"]
[BlackTitle "GM"]
[WhiteElo "2347"]
[BlackElo "2493"]
[WhiteFideId "403555"]
[BlackFideId "406465"]
[EventDate "2016.12.28"]

1. d4 Nf6 2. Nf3 c5 3. d5 b5 4. Bg5 Qb6 5. Bxf6 Qxf6 6. c3 Qb6 7. e4 g6 8. Nbd2
Bg7 9. a4 b4 10. Nc4 Qb7 11. Qc2 O-O 12. Bd3 d6 13. O-O bxc3 14. bxc3 Qc7 15.
Rfe1 Nd7 16. a5 Ba6 17. Ne3 Bc8 18. Nc4 Ba6 19. Ne3 Bc8 1/2-1/2

[Event "Hastings Masters 2016-17"]
[Site "Hastings ENG"]
[Date "2017.01.02"]
[Round "6.9"]
[White "Teh, Eu Wen Aron"]
[Black "Kjartansson, Gudmundur"]
[Result "1/2-1/2"]
[WhiteTitle "FM"]
[BlackTitle "IM"]
[WhiteElo "2279"]
[BlackElo "2468"]
[WhiteFideId "5704723"]
[BlackFideId "2301318"]
[EventDate "2016.12.28"]

1. d4 Nf6 2. c4 e6 3. Nc3 Bb4 4. Qc2 O-O 5. a3 Bxc3+ 6. Qxc3 b6 7. Bg5 Bb7 8. f3
d6 9. e3 Nbd7 10. Bd3 c5 11. Ne2 h6 12. Bxf6 Qxf6 13. O-O Rac8 14. Rac1 cxd4 15.
exd4 d5 16. Qd2 dxc4 17. Bxc4 Qe7 18. Bb5 Nf6 19. Qd3 Rfd8 20. Ba6 Bxa6 21. Qxa6
Rxc1 22. Rxc1 Qd7 23. Kf2 Nd5 24. g3 g6 25. Rc4 Kg7 26. a4 Qe7 27. Nc3 Qg5 28.
f4 Qf5 29. Nxd5 exd5 30. Rc1 Re8 31. Qf1 Qe4 32. Qd1 Qe3+ 33. Kg2 Qe2+ 34. Qxe2
Rxe2+ 35. Kf3 Rxb2 36. a5 Rb3+ 37. Kf2 Kf6 38. Rc7 Ra3 39. axb6 axb6 40. g4 Rb3
41. Rd7 Ke6 42. Rd8 f5 43. g5 hxg5 44. fxg5 Rh3 45. Rf8 Rxh2+ 46. Kg3 Rd2 47.
Rf6+ Ke7 48. Kf4 Rxd4+ 49. Ke5 Re4+ 50. Kxd5 b5 51. Rxg6 b4 52. Rf6 b3 53. Rxf5
b2 54. Rf1 Rb4 55. Rb1 Kf7 56. Kc5 Rb8 57. Kc4 Kg6 58. Kc3 Kxg5 59. Rxb2 Rxb2
60. Kxb2 1/2-1/2

[Event "Hastings Masters 2016-17"]
[Site "Hastings ENG"]
[Date "2017.01.02"]
[Round "6.10"]
[White "Praggnanandhaa, R"]
[Black "Flear, Glenn C"]
[Result "1/2-1/2"]
[WhiteTitle "IM"]
[BlackTitle "GM"]
[WhiteElo "2452"]
[BlackElo "2428"]
[WhiteFideId "25059530"]
[BlackFideId "400165"]
[EventDate "2016.12.28"]

1. e4 e5 2. Nf3 Nc6 3. Bc4 Bc5 4. O-O d6 5. c3 Bg4 6. d3 Nf6 7. Nbd2 a6 8. a4
Ba7 9. Re1 O-O 10. h3 Bh5 11. Nf1 d5 12. exd5 Nxd5 13. Bb3 Nf6 14. Ng3 Bg6 15.
Bc2 Nd7 16. b4 Re8 17. Bd2 b5 18. Qb1 Nb6 19. axb5 axb5 20. Ne4 Nd5 21. Bb3 Qd7
22. Qc2 f6 23. c4 bxc4 24. Bxc4 Bf7 25. Qb3 Nd4 26. Nxd4 Bxd4 27. Rxa8 Rxa8 28.
Nc5 Qc6 29. Be3 Bxc5 30. Bxc5 Qd7 31. d4 Re8 32. dxe5 Rxe5 33. Rxe5 fxe5 34. Qa2
h6 35. Qa8+ Kh7 36. Qf8 Bg6 37. b5 Nf6 38. Be7 Nd5 39. Qd8 Qxe7 40. Qxd5 Qe8 41.
Qc5 Qd7 42. Qxe5 Bd3 43. Bxd3+ Qxd3 44. Kh2 Qc2 45. f3 Qc1 46. Kg3 Qd2 47. Qe4+
Kh8 48. Qe8+ Kh7 49. Qe5 Kh8 50. h4 Qd7 51. Kh2 Kh7 52. h5 Kh8 53. Qc5 Qe8 54.
Qd5 Qf8 55. Kg3 Qf6 56. Kh3 Qb2 57. Qc6 Kh7 58. Qc4 Kh8 59. Qc6 Kh7 60. g3 Qb3
61. Qe4+ Kh8 62. Qe8+ Kh7 63. Kg4 Qc3 64. Qc6 Qd2 65. Qc5 Kh8 66. Qf8+ Kh7 67.
Qe7 Qc3 68. Qe4+ Kh8 69. f4 Qb3 70. Qe8+ Kh7 71. Qd7 Kh8 72. Qc8+ Kh7 73. Qf5+
Kh8 74. Qd7 Kh7 75. f5 Qe3 76. Kh3 Qe4 77. Qxc7 Qxf5+ 78. Kg2 Qxb5 1/2-1/2

[Event "Hastings Masters 2016-17"]
[Site "Hastings ENG"]
[Date "2017.01.02"]
[Round "6.11"]
[White "Arkell, Keith C"]
[Black "Haria, Ravi"]
[Result "1/2-1/2"]
[WhiteTitle "GM"]
[BlackTitle "FM"]
[WhiteElo "2447"]
[BlackElo "2382"]
[WhiteFideId "400270"]
[BlackFideId "415820"]
[EventDate "2016.12.28"]

1. Nf3 e6 2. c4 d5 3. g3 Nf6 4. Bg2 Be7 5. d4 O-O 6. Nbd2 c6 7. O-O Nbd7 8. Qc2
b6 9. e4 Bb7 10. e5 Ne8 11. b3 c5 12. cxd5 Bxd5 13. Bb2 Qc7 14. Rac1 Qb7 15.
Rfe1 Rc8 16. Ne4 c4 17. Nfg5 g6 18. Nh3 b5 19. Nf4 Nb6 20. Qd2 Qd7 21. Nxd5 Nxd5
22. Nc5 Bxc5 23. dxc5 cxb3 24. axb3 Rc6 25. Rcd1 Ng7 26. Bxd5 exd5 27. Qxd5 Qc7
28. b4 Ne6 29. Qd7 a5 30. Qxc7 Rxc7 31. bxa5 Ra8 32. Bc3 Rxc5 33. Rd3 Rc4 34.
Rb1 Nc5 35. Re3 Rb8 36. Bb4 Na6 37. Bd6 Rb7 38. Rd3 b4 39. Rd5 Nc7 40. Rc5 Rxc5
41. Bxc5 Rb5 42. Bd6 Na6 43. Rc1 Kg7 44. h4 b3 45. Rb1 h5 46. Kg2 Nc5 47. Bc7 b2
48. Bd8 Kf8 49. Bg5 Nd3 50. Bd2 Ke8 51. a6 Rb6 52. a7 Ra6 53. Be3 Kd7 54. Bd4
Ke6 55. Bxb2 Nxb2 56. Rxb2 Rxa7 57. f4 Ra6 58. Rb7 Ra2+ 59. Kh3 Ra6 60. Rc7 Rb6
61. Ra7 Rc6 62. Ra3 f6 63. Ra5 fxe5 64. Rxe5+ Kf7 65. Kg2 Rc2+ 66. Kf3 Rc3+ 67.
Re3 Rc4 68. Ra3 Kf6 69. Ra6+ Kf5 70. Ra5+ Kf6 71. Rg5 Rc3+ 72. Ke4 Ra3 73. f5
gxf5+ 74. Rxf5+ Kg6 75. Rf3 Rxf3 76. Kxf3 Kf5 77. Kf2 Kg4 78. Kg2 Kf5 1/2-1/2

[Event "Hastings Masters 2016-17"]
[Site "Hastings ENG"]
[Date "2017.01.02"]
[Round "6.12"]
[White "Hand, Freddie"]
[Black "Das, Arghyadip"]
[Result "0-1"]
[BlackTitle "IM"]
[WhiteElo "2205"]
[BlackElo "2399"]
[WhiteFideId "436950"]
[BlackFideId "5003610"]
[EventDate "2016.12.28"]

1. d4 e6 2. c4 Bb4+ 3. Bd2 a5 4. e4 d6 5. Nc3 Nf6 6. f3 e5 7. a3 Bxc3 8. Bxc3
exd4 9. Qxd4 Nc6 10. Qe3 O-O 11. Ne2 a4 12. Nf4 Be6 13. Be2 Nd7 14. O-O Qg5 15.
Nd5 Qxe3+ 16. Nxe3 f5 17. exf5 Bxf5 18. Nd5 Rac8 19. Rfe1 Nc5 20. Rad1 Rf7 21.
Bf1 Kf8 22. Re3 Re8 23. Rde1 Rxe3 24. Rxe3 Be6 25. g4 Bxd5 26. cxd5 Ne7 27. Bc4
g5 28. Kg2 Rf4 29. Ba2 Nb3 30. Bxb3 axb3 31. Rd3 Rc4 32. Bf6 Rc2+ 33. Kg3 Ng8
34. Bd4 Ne7 35. Rxb3 Nxd5 36. Rxb7 Nf4 37. Bf2 Ne2+ 38. Kh3 Nf4+ 39. Kg3 Ne2+
40. Kh3 Nf4+ 41. Kg3 d5 42. Rb5 c6 43. Rb4 Kf7 44. a4 d4 45. Rxd4 Ne2+ 46. Kh3
Nxd4 47. Bxd4 Rc4 48. Be3 Rb4 49. Bc1 Kg6 50. a5 Rb5 51. a6 Ra5 52. f4 gxf4 53.
Bxf4 Rxa6 54. Bd2 Ra4 55. Kg3 Rd4 56. Bc3 Rd3+ 57. Kh4 c5 58. h3 Rf3 59. Be5 Re3
60. Bc3 Kf7 61. g5 Kg6 62. Kg4 Re4+ 63. Kf3 Kf5 64. Bg7 Rc4 65. Bh6 Rb4 66. Bg7
Kxg5 67. Bc3 Rf4+ 68. Kg3 Kf5 69. Bd2 Rd4 70. Bc3 Re4 71. Kf3 c4 72. Bg7 Re7 73.
Bc3 Rd7 74. Bh8 Rd3+ 75. Kg2 Ke4 76. Bf6 Rb3 77. Bg7 Kd3 0-1

[Event "Hastings Masters 2016-17"]
[Site "Hastings ENG"]
[Date "2017.01.02"]
[Round "6.13"]
[White "Taylor, Adam C"]
[Black "Ledger, Andrew J"]
[Result "0-1"]
[WhiteTitle "FM"]
[BlackTitle "IM"]
[WhiteElo "2212"]
[BlackElo "2377"]
[WhiteFideId "424668"]
[BlackFideId "400610"]
[EventDate "2016.12.28"]

1. Nf3 Nf6 2. g3 d5 3. Bg2 Bf5 4. c4 c6 5. cxd5 cxd5 6. O-O Nc6 7. d3 e6 8. Be3
Bd6 9. Qb3 Qe7 10. Nc3 a6 11. Nd4 Bg6 12. Rac1 O-O 13. Nxc6 bxc6 14. Na4 Rab8
15. Qc3 Rfc8 16. Nc5 Ng4 17. Bf4 e5 18. Bd2 Bxc5 19. Qxc5 Qxc5 20. Rxc5 Rxb2 21.
Bc3 Rb5 22. Rxb5 cxb5 23. Bb4 d4 24. Bb7 Rc2 25. a3 Bf5 26. Bxa6 Bd7 27. Bb7
Rxe2 28. Bd6 Rd2 29. Rc1 Nxf2 30. Rc7 Bg4 31. Re7 h6 32. h3 Nxh3+ 33. Kh1 Nf2+
34. Kg1 Nh3+ 35. Kh1 Ng5 36. Bxe5 Bf3+ 37. Kg1 Bxb7 0-1

[Event "Hastings Masters 2016-17"]
[Site "Hastings ENG"]
[Date "2017.01.02"]
[Round "6.14"]
[White "Wilbrandt, Simon Pil"]
[Black "Siva, Mahadevan"]
[Result "0-1"]
[BlackTitle "IM"]
[WhiteElo "2180"]
[BlackElo "2360"]
[WhiteFideId "1436988"]
[BlackFideId "25043153"]
[EventDate "2016.12.28"]

1. d4 Nf6 2. c4 e6 3. Nc3 Bb4 4. e3 O-O 5. Bd3 d5 6. Nf3 c5 7. O-O cxd4 8. exd4
dxc4 9. Bxc4 b6 10. Bg5 Bb7 11. Ne5 Be7 12. Re1 Nbd7 13. Qe2 a6 14. Rad1 Nxe5
15. dxe5 Nd7 16. Bf4 Qc7 17. Qg4 Kh8 18. Re3 Rfd8 19. Bd3 g6 20. Rde1 Nc5 21.
Bb1 Rd4 22. Ne2 Rb4 23. Rh3 Be4 24. a3 Rc4 25. b3 Bxb1 26. bxc4 Bf5 27. Qf3 Rd8
28. g4 Be4 29. Qg3 Nd3 30. Rf1 g5 31. Qe3 Ba8 32. Bxg5 Qc6 33. Rf3 Rg8 34. Nd4
Bxg5 35. Qxd3 Qd7 36. Rh3 f5 37. Ne2 Qb7 38. f3 Rd8 39. Qb1 Be3+ 40. Kh1 fxg4
41. Rg3 gxf3 42. Ng1 f2+ 43. Nf3 Qxf3+ 0-1

[Event "Hastings Masters 2016-17"]
[Site "Hastings ENG"]
[Date "2017.01.02"]
[Round "6.15"]
[White "Thogersen, Rasmus"]
[Black "Radovanovic, Jovica"]
[Result "1-0"]
[BlackTitle "FM"]
[WhiteElo "2161"]
[BlackElo "2351"]
[WhiteFideId "1431412"]
[BlackFideId "915912"]
[EventDate "2016.12.28"]

1. e4 c5 2. Nf3 d6 3. d4 cxd4 4. Nxd4 Nf6 5. Nc3 Nc6 6. Bg5 e6 7. Qd2 Be7 8.
O-O-O O-O 9. f4 h6 10. Nxc6 bxc6 11. Bxf6 Bxf6 12. Qxd6 Qb6 13. e5 Rd8 14. Qa3
Qe3+ 15. Kb1 Rxd1+ 16. Nxd1 Qxa3 17. bxa3 Rb8+ 18. Kc1 Be7 19. c3 Bxa3+ 20. Kd2
c5 21. Bd3 Bd7 22. Ne3 Rb2+ 23. Bc2 Rxa2 24. Rb1 c4 25. Nxc4 Bf8 26. Rb8 Bc6 27.
g3 g5 28. fxg5 hxg5 29. h4 gxh4 30. gxh4 Be4 31. Nb2 Bh1 32. h5 f5 33. exf6 e5
34. Bb3+ 1-0

[Event "Hastings Masters 2016-17"]
[Site "Hastings ENG"]
[Date "2017.01.02"]
[Round "6.16"]
[White "Anderson, John"]
[Black "Dyrgaard, Kristoffer"]
[Result "1/2-1/2"]
[BlackTitle "FM"]
[WhiteElo "2156"]
[BlackElo "2311"]
[WhiteFideId "405353"]
[BlackFideId "1410938"]
[EventDate "2016.12.28"]

1. e4 c5 2. Nf3 Nc6 3. Bb5 g6 4. Bxc6 dxc6 5. h3 e5 6. d3 f6 7. Be3 Nh6 8. Qd2
Nf7 9. Nc3 Qe7 10. O-O-O Be6 11. Kb1 O-O-O 12. Qc1 Qc7 13. Ne2 h5 14. Nh4 Rg8
15. f4 Bh6 16. fxe5 Qa5 17. b3 Bxe3 18. Qxe3 Nxe5 19. Rhf1 c4 20. Rxf6 cxd3 21.
cxd3 Nc4 22. bxc4 Bxc4 23. Nc1 Qb5+ 24. Kc2 Qa4+ 25. Kd2 Qb4+ 26. Kc2 Qa4+ 27.
Kd2 1/2-1/2

[Event "Hastings Masters 2016-17"]
[Site "Hastings ENG"]
[Date "2017.01.02"]
[Round "6.17"]
[White "Webb, Laurence E"]
[Black "Norton, Craig"]
[Result "1/2-1/2"]
[WhiteTitle "FM"]
[WhiteElo "2300"]
[BlackElo "2033"]
[WhiteFideId "402389"]
[BlackFideId "411590"]
[EventDate "2016.12.28"]

1. e4 c5 2. Nf3 g6 3. c3 Bg7 4. d4 cxd4 5. cxd4 d5 6. e5 Bg4 7. Nbd2 Nc6 8. h3
Bxf3 9. Nxf3 Qb6 10. Bd3 e6 11. O-O Nge7 12. b3 Nf5 13. Bxf5 gxf5 14. Ba3 Bf8
15. Bxf8 Rxf8 16. Ng5 O-O-O 17. Nxh7 Rh8 18. Ng5 Rdg8 19. f4 Nxd4 20. Kh2 Kb8
21. Qd2 Rg7 22. Qf2 Nc6 23. Qxb6 axb6 24. Nf3 Rhg8 25. Rf2 Nb4 26. Rd1 Na6 27.
b4 Nxb4 28. Rb2 Nc6 29. Ne1 Na5 30. Rxb6 Nc4 31. Rb3 Rc8 32. Nf3 Rgg8 33. h4
Rgd8 34. Ng5 Rd7 35. h5 Rh8 36. Rh3 Rh6 37. Kg1 Kc7 38. Kf2 Kc6 39. Nf3 Rd8 40.
Nd4+ Kc7 41. Rdd3 Rdh8 42. Rdg3 R8h7 43. Ke2 Kd7 44. Rb3 Kc7 45. Nb5+ Kc6 46.
Nd6 Nxd6 47. exd6 Kxd6 48. Rxb7 Rxh5 49. Ra3 Kc6 50. Raa7 Rh2 51. Rc7+ Kd6 52.
Rd7+ Kc6 53. Rac7+ Kb6 54. Kf3 Rh1 55. Rxf7 Rxf7 56. Rxf7 Re1 57. Rf8 d4 58. Rc8
Kb5 59. a4+ Kxa4 60. Rc4+ Kb5 61. Rxd4 Kc5 62. Rd8 Kc4 63. Kg3 Re4 64. Kf3 Re1
65. g3 Kc5 66. Kg2 Kc6 67. Kh3 Rh1+ 68. Kg2 Re1 1/2-1/2

[Event "Hastings Masters 2016-17"]
[Site "Hastings ENG"]
[Date "2017.01.02"]
[Round "6.18"]
[White "Foo, William J"]
[Black "Player, Edmund C"]
[Result "1/2-1/2"]
[WhiteElo "2145"]
[BlackElo "2239"]
[WhiteFideId "419753"]
[BlackFideId "406520"]
[EventDate "2016.12.28"]

1. Nf3 d5 2. d4 Nf6 3. c4 dxc4 4. e3 Bg4 5. Bxc4 e6 6. h3 Bh5 7. Nc3 a6 8. g4
Bg6 9. Ne5 Nbd7 10. Nxg6 hxg6 11. g5 Nd5 12. Nxd5 exd5 13. Bxd5 c6 14. Bc4 Nb6
15. Be2 Qxg5 16. Qb3 Qd5 17. Qxd5 Nxd5 18. a3 Bd6 19. Bf3 Bc7 20. Bd2 O-O-O 21.
b4 Rhe8 22. a4 b5 23. O-O f5 24. Rfc1 Kb7 25. Rc2 Re6 26. Rac1 Rdd6 27. axb5
axb5 28. Rxc6 Rxc6 29. Bxd5 Kb6 30. Rc5 Rf6 31. Bxc6 Rxc6 32. Kf1 Rd6 33. Re5
Bd8 34. Kg2 Rc6 35. Kf3 Bf6 36. Rc5 Rd6 37. d5 Rd8 38. Kf4 Rh8 39. Bc3 Rxh3 40.
Bxf6 gxf6 41. Rc6+ Kb7 42. Rxf6 Rh4+ 43. Ke5 Re4+ 44. Kd6 Rxb4 45. Rxg6 f4 46.
Ke7 fxe3 47. fxe3 Re4+ 48. Kd8 Rxe3 49. Rg7+ Kb6 50. d6 Rd3 51. d7 Ka5 52. Ke8
b4 53. d8=Q+ Rxd8+ 54. Kxd8 Ka4 55. Kc7 b3 56. Kc6 b2 1/2-1/2

[Event "Hastings Masters 2016-17"]
[Site "Hastings ENG"]
[Date "2017.01.02"]
[Round "6.19"]
[White "Maisuradze, Nino"]
[Black "Oyama, Akito"]
[Result "1/2-1/2"]
[WhiteTitle "WGM"]
[WhiteElo "2231"]
[BlackElo "2191"]
[WhiteFideId "13601717"]
[BlackFideId "7001630"]
[EventDate "2016.12.28"]

1. d4 e6 2. c4 Nf6 3. Nf3 b6 4. a3 Bb7 5. Nc3 d5 6. cxd5 Nxd5 7. Bg5 Nxc3 8.
bxc3 Be7 9. Bxe7 Qxe7 10. e3 O-O 11. Bd3 Nd7 12. Qc2 h6 13. O-O c5 14. e4 Rfc8
15. Qe2 cxd4 16. cxd4 Rc3 17. Rfc1 Rac8 18. Rxc3 Rxc3 19. a4 Qd6 20. Qd2 Qc7 21.
h3 Kf8 22. Rd1 Nf6 23. Re1 Nd7 24. Rd1 Nf6 25. Re1 Nd7 26. Rd1 1/2-1/2

[Event "Hastings Masters 2016-17"]
[Site "Hastings ENG"]
[Date "2017.01.02"]
[Round "6.20"]
[White "Boino, Claudio"]
[Black "Marusenko, Petr"]
[Result "0-1"]
[BlackTitle "IM"]
[WhiteElo "2066"]
[BlackElo "2214"]
[WhiteFideId "1901133"]
[BlackFideId "14100606"]
[EventDate "2016.12.28"]

1. d4 d5 2. Nf3 Nf6 3. c4 c6 4. e3 Bf5 5. Nc3 e6 6. Nh4 Bg6 7. Nxg6 hxg6 8. Bd2
Nbd7 9. Qc2 Be7 10. O-O-O Nb6 11. cxd5 cxd5 12. Kb1 Rc8 13. Bb5+ Kf8 14. Qb3 Qd6
15. h3 g5 16. Rc1 g6 17. Bd3 Kg7 18. Nb5 Qb8 19. Ba5 Rxc1+ 20. Rxc1 Rc8 21. Nxa7
Rxc1+ 22. Kxc1 Nc4 23. Bb6 Qh2 24. Bxc4 dxc4 25. Qxc4 Qg1+ 26. Kc2 Qxf2+ 27. Kb3
Qxg2 28. Nc8 Nd5 29. Nxe7 Nxe7 30. Qc7 Qd5+ 31. Qc4 Kh6 32. a4 Kh5 33. a5 Kh4
34. Kc3 Qxc4+ 35. Kxc4 Kxh3 36. e4 g4 37. d5 exd5+ 38. exd5 Nc8 39. Bc5 f5 40.
d6 Nxd6+ 41. Bxd6 g5 42. Kd3 f4 43. Ke4 f3 44. Bc5 Kg2 45. b4 g3 0-1

[Event "Hastings Masters 2016-17"]
[Site "Hastings ENG"]
[Date "2017.01.02"]
[Round "6.21"]
[White "Cunningham, Robin"]
[Black "Britton, Richard L"]
[Result "1/2-1/2"]
[WhiteTitle "FM"]
[BlackTitle "FM"]
[WhiteElo "2263"]
[BlackElo "2139"]
[WhiteFideId "2005093"]
[BlackFideId "401692"]
[EventDate "2016.12.28"]

1. c4 Nf6 2. g3 g6 3. Bg2 Bg7 4. Nc3 d6 5. d3 O-O 6. Rb1 a5 7. a3 Nh5 8. Bd2 f5
9. e3 e5 10. Nge2 Nd7 11. Qc2 g5 12. f4 gxf4 13. exf4 Nc5 14. b4 axb4 15. axb4
Ne6 16. O-O c6 17. Be3 Bd7 18. b5 exf4 19. Nxf4 Nhxf4 20. gxf4 Ra3 21. Rb3 Nd4
22. Bxd4 Bxd4+ 23. Kh1 1/2-1/2

[Event "Hastings Masters 2016-17"]
[Site "Hastings ENG"]
[Date "2017.01.02"]
[Round "6.22"]
[White "Marzano, Carlo"]
[Black "Bellin, Robert"]
[Result "1/2-1/2"]
[BlackTitle "IM"]
[WhiteElo "2186"]
[BlackElo "2353"]
[WhiteFideId "802980"]
[BlackFideId "400343"]
[EventDate "2016.12.28"]

1. d4 e6 2. e4 d5 3. Nd2 Nf6 4. e5 Nfd7 5. Bd3 c5 6. c3 b6 7. Qg4 cxd4 8. cxd4
Nc6 9. a3 h5 10. Qf4 g5 11. Qe3 Bh6 12. Ne2 f5 13. O-O g4 14. f4 Bf8 15. b4 a6
16. Nb3 b5 17. Bb2 Nb6 18. Bc3 Nc4 19. Qf2 Ra7 20. Nec1 Ne7 21. Bc2 Ng6 22. Nd3
Rg7 1/2-1/2

[Event "Hastings Masters 2016-17"]
[Site "Hastings ENG"]
[Date "2017.01.02"]
[Round "6.23"]
[White "Vaishali, R"]
[Black "Byron, Alan M"]
[Result "1/2-1/2"]
[WhiteTitle "WIM"]
[WhiteElo "2254"]
[BlackElo "2131"]
[WhiteFideId "5091756"]
[BlackFideId "401773"]
[EventDate "2016.12.28"]

1. e4 c6 2. d4 d5 3. Nc3 dxe4 4. Nxe4 Bf5 5. Qf3 e6 6. Ne2 Nf6 7. Nxf6+ gxf6 8.
c3 Bd6 9. Ng3 Bg6 10. Bf4 Bxf4 11. Qxf4 Nd7 12. Bc4 Qb8 13. Qxb8+ Rxb8 14. f4 f5
15. a4 Nf6 16. a5 Ke7 17. Be2 Ne4 18. Bf3 h5 19. Nf1 h4 20. Bxe4 fxe4 21. Ne3
Bh5 22. Ra4 Kd7 23. Rf1 Rhg8 24. Kf2 Rg7 25. Rc4 Rbg8 26. Rc5 Bg4 27. Rg1 b6 28.
axb6 axb6 29. Rg5 Rxg5 30. fxg5 Rxg5 31. Ra1 Bh5 32. Nc4 Ke7 33. Ra7+ Kf6 34.
Nd6 Bg6 35. g3 hxg3+ 36. hxg3 Rh5 37. Ke3 Rh3 38. Kf4 Kg7 39. Ra8 e3 40. Kxe3
Rxg3+ 41. Kf4 Rg2 42. Ne8+ Kh6 43. Rc8 Rxb2 1/2-1/2

[Event "Hastings Masters 2016-17"]
[Site "Hastings ENG"]
[Date "2017.01.02"]
[Round "6.24"]
[White "Hill, Alistair"]
[Black "Punnett, Alan K"]
[Result "1/2-1/2"]
[WhiteElo "2237"]
[BlackElo "2047"]
[WhiteFideId "432407"]
[BlackFideId "405400"]
[EventDate "2016.12.28"]

1. Nf3 Nf6 2. c4 g6 3. Nc3 Bg7 4. e4 d6 5. d4 O-O 6. Be2 e5 7. d5 Nbd7 8. Be3
Ng4 9. Bg5 f6 10. Bh4 a5 11. Nd2 Nh6 12. f3 Nc5 13. Nb3 Nxb3 14. Qxb3 b6 15. g4
Nf7 16. O-O-O Qd7 17. Bf2 Bh6+ 18. Kb1 Bf4 19. h4 Kg7 20. Rdg1 Qe7 21. Nd1 Bd7
22. Bg3 h6 23. Nf2 Rh8 24. Qc3 Bxg3 25. Rxg3 Rag8 26. Nd1 Kf8 27. Qe1 f5 28. Bd3
f4 29. Rg2 Nd8 30. h5 g5 31. b3 Nb7 32. a3 Kf7 33. Ra2 Ra8 34. Nc3 Nc5 35. Bc2
Ra7 36. b4 axb4 37. axb4 Rxa2 38. Kxa2 Ra8+ 39. Kb2 Nb7 40. Qe2 Qe8 41. Rb1 Ra7
42. Qf1 Qa8 43. Ra1 Rxa1 44. Qxa1 Qxa1+ 45. Kxa1 Ke7 46. Kb2 Be8 47. Ba4 Bxa4
48. Nxa4 Kd7 49. Kb3 Nd8 50. Nb2 Kc8 51. Nd3 Kb7 52. Ka4 Ka6 53. Ne1 Kb7 54. Nc2
c6 55. Na3 cxd5 56. cxd5 Ka6 57. Nb5 Nf7 58. Nc7+ 1/2-1/2